000 00808nam a2200253Ia 4500
999 _c34489
_d34489
003 GCL
005 20240530102750.0
008 140319s9999 xx 000 0 ara d
040 _aGCL /
_cGCL
082 0 4 _a210/
_bم إ
100 1 _aمحمد رجب البيومى
245 1 0 _aالانسان فى مرأة القرأن /
_cمحمد رجب البيومى
260 _a[S.N] :
_bالمؤسسة العربية الحديثة ،
_c1988
490 _aاسلاميات
_v0
650 0 4 _aالاسلام
650 0 4 _aالسيرة النبوية
650 0 4 _aالمساجد
650 0 4 _aالسلام
650 0 4 _aالقران
700 1 _aالسيد رزق الطويل
700 1 _aمحمد احمد على سحلول
700 1 _aالحسينى محمد ابوفرحة
942 _2ddc
_cBK